| 000 | 02150nam a22003734i 4500 | ||
|---|---|---|---|
| 999 |
_c64178 _d64178 |
||
| 001 | 14403838 | ||
| 003 | CO-MdFUSB | ||
| 005 | 20180119081047.0 | ||
| 008 | 060607t2006 miu g b 000 0 eng | ||
| 010 | _a 2006018860 | ||
| 020 | _a0801066239 (pbk.) | ||
| 020 | _a9780801066238 | ||
| 040 |
_aDLC _cCO-MdFUSB _dCO-MdFUSB _bspa _erda |
||
| 041 | _aeng | ||
| 082 | 0 | 0 |
_224 _aG 252 _bP922p |
| 242 | 0 | 0 |
_aPredicando el Antiguo Testamento _lInglés |
| 245 | 0 | 0 |
_aPreaching the Old Testament _c/ editado por Scott M. Gibson ; prefacio por Haddon W. Robinson _b: |
| 264 | 1 |
_aGrand Rapids, Mich. : _bBaker Books, _c℗2006 |
|
| 264 | 4 | _c©2006 | |
| 300 |
_a222 páginas ; _c23 cm. _b: |
||
| 336 |
_2rdacontent _atexto _btxt |
||
| 337 |
_2rdamedia _asin mediación _bn |
||
| 338 |
_2rdacarrier _avolumen _bnc |
||
| 504 | _aBibliografía (p. 199-218) | ||
| 505 | 0 | _aPrólogo de Haddon W. Robinson -- Introducción: Kaiser es la palabra clave / Scott M. Gibson -- Retos para predicar el Antiguo Testamento / Scott M. Gibson -- Mantener su hebreo saludable / Dennis R. Magary -- Predicación de los libros históricos / Carol M. Kaminski -- Predicando las narraciones del Antiguo Testamento / Jeffrey D. Arthurs -- Predicando de la Ley / Douglas K. Stuart -- Predicando de los Salmos y Proverbios / Duane A. Garrett -- Predicación de los Profetas / John H. Sailhamer -- Predicando el Antiguo Testamento a la luz de su cultura / Timothy S. Laniak -- Hacia la predicación efectiva de los textos del Nuevo Testamento que citan el Antiguo Testamento / Roy E. Ciampa -- Predicando el Antiguo Testamento hoy / David L. Larsen -- Predicando el Antiguo Testamento de manera evangélica / Robert E. Coleman -- Epílogo: predicar el Antiguo Testamento / Scott M. Gibson. | |
| 650 | 0 |
_954 _aPredicación |
|
| 700 | 1 |
_aGibson, Scott M., _d1957- |
|
| 906 |
_a7 _bcbc _corignew _d1 _eecip _f20 _gy-gencatlg |
||
| 942 | _cBK | ||